00425nam a2200181Ia 4500008004100000020001800041050001400059100001900073245003400092245002200126260001500148260001600163260000900179300001500188300002200203300001000225500000800235170918s9999 xx 000 0 und d a9780439120519 bG458 1993 aGifford, Clive aUsborne book of racing cars / cby Clive Gifford. aNew York : bScholastic, c1993 a32 pages : bchiefly colored ; c28cm. a640